000 00382pab a2200157 454500
008 180718b1973 xxu||||| |||| 00| 0 eng d
100 _aGhate, Prabhakar
245 _aLaw and order: A holding operation
260 _c1973
300 _ap.472-494.
362 _aOct-Dec
650 _aPolice
773 _aIndian Journal of Public Administration
908 _aN
909 _a99934
999 _c99933
_d99933